| 000 | 00753nam a2200217Ii 4500 | ||
|---|---|---|---|
| 003 | JO-AjNU | ||
| 008 | 230605s9999||||xx |||||||||||||| ||und|| | ||
| 017 | _a37258 | ||
| 040 |
_aJO-AjNU _bara _erda _cJO-AjNU |
||
| 041 | _aara | ||
| 050 | 1 | 4 | _aHF5415.I265 .A4424 .2003 |
| 100 | 3 |
_aالعلاق،بشير عباس, _eauthor _931816 |
|
| 245 | 0 | 0 | _aتطبيقات الانترنت في التسويق |
| 250 | _aط1 | ||
| 264 | 3 | 1 | _aعمان:دار المناهج للنشر والتوزيع؛2003 |
| 300 |
_a306ص _bيحتوي على ببلوغرافية من ص299-306ص |
||
| 336 |
_atext _btxt _2rdacontent |
||
| 337 |
_aunmediated _bn _2rdamedia |
||
| 338 |
_avolume _bnc _2rdacarrier |
||
| 650 | 4 |
_aالتسويق عبر الإنترنت _931817 |
|
| 999 |
_aA12769 _c16337 _d16337 |
||